Figure Out the Lyrics (Musical) 5 Quiz Stats

 Plays Quiz not verified by Sporcle

Score 0/121 Timer 10:00
0 Plays Today
Lyrics % Correct
a
97%
a
95.7%
the
95.6%
and
95.6%
and
95.6%
the
95.4%
the
95.1%
and
94.6%
the
94.6%
a
94.4%
and
93.8%
and
93.8%
the
93.8%
the
93.6%
you,
85.3%
you
83.3%
you.
81.9%
is
74.4%
is
73.7%
is
72.9%
to
71.4%
is
71.4%
is
71.2%
is
71.2%
to
68.2%
to
68.1%
to
68.1%
can
66.4%
on
66%
she
64.6%
she
64.5%
She
64.4%
She
64.4%
she,
63.9%
can
63.5%
she
63%
she
62.6%
she
62.4%
she
62.4%
she
62.4%
She
62.4%
Lyrics % Correct
where
60%
no
59.7%
no
59.3%
for
56.8%
of
56.7%
there
55.9%
there
55.8%
her
54.6%
So
54.6%
that
54.6%
her?
53.7%
there
52.7%
if
51.4%
will
49.7%
see,
44.7%
with
39.5%
as
38.9%
All
37%
as
36.9%
has
34%
or
31.9%
goes
31.8%
goes,
30%
any
27.4%
never
24.1%
never
24.1%
never
22.1%
dance.
20.3%
dance
19.7%
she's
19.3%
knows
17.1%
always
16.9%
about
15.5%
anyone
15.4%
Someone
15%
music.
12%
Someone
11.7%
back
11.5%
must
11%
happy
9.7%
chance,
9%
Lyrics % Correct
again,
8%
save
8%
turns
7.8%
Round
7.3%
beginning,
6.9%
toe.
6.6%
head
6.2%
doll
6.1%
nowhere.
6%
amuse.
6%
started.
5.9%
Spin
5.9%
round
5.9%
choose.
5.6%
key,
5.4%
China
5.2%
hour
5%
broken
5%
Pale
5%
turns,
4.9%
pirouettes
4.7%
round
4.7%
pink
4.7%
stands
4.6%
China
4.6%
refuse
4.5%
ending,
4.4%
turns
4.4%
doll
4.3%
circle
4.3%
choice,
3.8%
wheel
3.7%
key,
3.5%
carousel
3.5%
hearted.
3.4%
spinning,
3.1%
tip
3.1%
painted
3%
twists
2.7%

You're not logged in!

Compare scores with friends on all Sporcle quizzes.
OR
Log In

Sporcle TV

Today on Sporcle TV


Watch our educational content, quiz creation guides, and fun videos on Sporcle TV.

Show Comments

Extras

Top Quizzes Today


Score Distribution

Your Account Isn't Verified!

In order to create a playlist on Sporcle, you need to verify the email address you used during registration. Go to your Sporcle Settings to finish the process.

Report this User

Report this user for behavior that violates our Community Guidelines.

Details: